Statistics for Fast Typing - Words Starting With B

Click here to take the quiz!

General Stats

  • This quiz has been taken 11 times
  • The average score is 12 of 20

Answer Stats

WordWord% Correct
BackpackBackpack
100%
BadBad
100%
BadgeBadge
100%
BallBall
100%
BambooBamboo
100%
BarbecueBarbecue
100%
BarleyBarley
100%
BatteryBattery
100%
BecauseBecause
100%
BerryBerry
100%
BetBet
100%
BidBid
100%
BillBill
100%
BinBin
100%
BitterBitter
100%
BlackBlack
100%
BlockadeBlockade
100%
BlowBlow
100%
BombardBombard
100%
BonfireBonfire
100%
BoundBound
100%
BrickBrick
100%
BridgeBridge
100%
BulbBulb
100%
BuzzBuzz
100%
BindBind
75%
BiscuitBiscuit
75%
BrutalBrutal
75%
BatBat
67%
BeeswaxBeeswax
67%
BehaveBehave
67%
BeverageBeverage
67%
BladeBlade
67%
BarbBarb
60%
BowlBowl
60%
BabbleBabble
50%
BaconBacon
50%
BagBag
50%
NaitBait
50%
BanBan
50%
BayonetBayonet
50%
BazaarBazaar
50%
BelovedBeloved
50%
BetrayBetray
50%
BileBile
50%
BivalveBivalve
50%
BlizzardBlizzard
50%
BlossomBlossom
50%
BonusBonus
50%
BorderBorder
50%
BoxBox
50%
BypassBypass
50%
ByteByte
50%
BoastBoast
40%
BagelBagel
33%
BarrelBarrel
33%
BasketBasket
33%
BluffBluff
33%
BotanyBotany
33%
BandageBandage
25%
BachelorBachelor
0%
BackBack
0%
BacteriaBacteria
0%
BalanceBalance
0%
BanishBanish
0%
BathBath
0%
BedBed
0%
BlenderBlender
0%
BlessingBlessing
0%
BlisterBlister
0%
BoredomBoredom
0%
BoycottBoycott
0%
BrainBrain
0%
BrassBrass
0%
BreadBread
0%
BreathBreath
0%
BroilBroil
0%
BuckleBuckle
0%
ButcherButcher
0%
ButteButte
0%

Score Distribution

Percentile by Number Answered

Percent of People with Each Score

Your Score History

You have not taken this quiz